[Event "HCL-A2610"]
[Site "www.playchess.de"]
[Date "2006.03.28"]
[Round "7"]
[White "Matu"]
[Black "bossjos"]
[WhiteElo "1525"]
[BlackElo "1264"]
[PlyCount "63"]
[Result "1-0"]

1.e4 e5 2.Nf3 Nc6 3.Bc4 Nf6 4.Ng5 d5 5.exd5 Nxd5 
6.Nxf7 Kxf7 7.Qf3+ Ke6 8.Nc3 Ncb4 9.a3 Nxc2+ 
10.Kd1 Nd4 11.Bxd5+ Kd6 12.Qd3 Bf5 13.Qc4 c6 
14.Qb4+ Kc7 15.Qc4 Bc2+ 16.Ke1 Bb3 17.Nb5+ Kb8 
18.Qc3 Bxd5 19.Nxd4 exd4 20.Qxd4 Qe7+ 21.Kf1 Kc7 
22.d3 Rd8 23.Qxa7 Qe5 24.Be3 Kc8 25.Bb6 Re8 
26.Qa8+ Kd7 27.Qxb7+ Ke6 28.Re1 Qxe1+ 29.Kxe1 Kf6+ 
30.Kd2 Bxg2 31.Bd4+ Kg6 32.Rg1 1-0

[Event "HCL-A2616"]
[Site "www.playchess.de"]
[Date "2006.03.28"]
[Round "4"]
[White "bossjos"]
[Black "Maahinen"]
[WhiteElo "1244"]
[BlackElo "1736"]
[PlyCount "64"]
[Result "0-1"]

1.e4 c6 2.d4 d5 3.exd5 cxd5 4.Bd3 Nc6 5.Ne2 Nf6 
6.Nbc3 e6 7.Bg5 Be7 8.O-O O-O 9.Qd2 Nb4 10.a3 Nxd3 
11.Qxd3 Bd7 12.f4 Qb6 13.Rab1 h6 14.Bh4 Qc6 15.Rf3 
Rac8 16.Bf2 Ne4 17.Be3 Nd6 18.Rg3 Qc4 19.Qxc4 Nxc4 
20.Bc1 Nd6 21.Bd2 Bf6 22.Be3 Nf5 23.Rf3 Rc4 24.Rd1 
h5 25.g3 Nd6 26.Kg2 Rfc8 27.Rc1 b5 28.h3 a5 29.Bf2 
b4 30.axb4 axb4 31.Na2 R4xc2 32.Rxc2 
Rxc2 0-1

[Event "HCL-E1590"]
[Site "www.playchess.de"]
[Date "2006.03.28"]
[Round "19"]
[White "maus"]
[Black "Sobral"]
[WhiteElo "1421"]
[BlackElo "1500"]
[PlyCount "72"]
[Result "0-1"]

1.e4 c5 2.Bc4 e6 3.Nc3 Nc6 4.Nf3 d6 5.d4 cxd4 
6.Nxd4 Nf6 7.Bb5 Bd7 8.Nxc6 Bxc6 9.Bd3 Be7 10.O-O 
O-O 11.Re1 Qb6 12.a3 Rad8 13.b4 a6 14.Be3 Qc7 
15.a4 Bd7 16.Ne2 d5 17.exd5 Nxd5 18.b5 Nxe3 
19.fxe3 axb5 20.axb5 Bxb5 21.Nd4 Bc6 22.Qh5 g6 
23.Qe2 Bf6 24.c3 e5 25.Nb5 Bxb5 26.Bxb5 Qxc3 
27.Rac1 Qd2 28.Qf3 Qb4 29.Rcb1 Qe7 30.Bc4 e4 
31.Qf4 Be5 32.Qh6 Rdb8 33.Bd5 b5 34.Bxe4 
{(offering draw)}  Bc3 35.Rec1 Qxe4 36.Rxc3 
Qxb1+ 0-1

[Event "HCL-A2615"]
[Site "www.playchess.de"]
[Date "2006.03.28"]
[Round "3"]
[White "bossjos"]
[Black "redstar"]
[WhiteElo "1244"]
[BlackElo "1674"]
[PlyCount "74"]
[Result "0-1"]

1.e4 c5 2.Nf3 e6 3.d4 cxd4 4.Qxd4 Nc6 5.Qe3 d6 
6.Nc3 Nf6 7.Bb5 Be7 8.O-O O-O 9.Bd2 a6 10.Ba4 Qc7 
11.Rad1 b5 12.Bb3 Bb7 13.a3 Rad8 14.Rfe1 Na5 
15.Ba2 Nc4 16.Bxc4 Qxc4 17.Qb6 Rd7 18.Qe3 Rfd8 
19.Qe2 Qc7 20.Bf4 Nh5 21.Bg3 Nxg3 22.fxg3 d5 
23.exd5 Bxd5 24.Nxd5 R7xd5 25.Rxd5 Rxd5 26.c3 Qd7 
27.Nd4 Bc5 28.Kh1 Bxd4 29.cxd4 Rxd4 30.Qe5 Qd6 
31.Qe3 Rd2 32.Qa7 h6 33.Qa8+ Kh7 34.Qe4+ g6 35.Re2 
Rxb2 36.Re3 Qd5 37.Qxd5 Rb1+ 0-1

[Event "HCL-B3935"]
[Site "www.playchess.de"]
[Date "2006.03.28"]
[Round "7"]
[White "pera"]
[Black "slavi"]
[WhiteElo "1016"]
[BlackElo "1531"]
[PlyCount "74"]
[Result "0-1"]

1.e4 {Hi and good luck for the game}  e6 2.d4 d5 
3.c4 dxe4 4.Be3 Bb4+ 5.Nc3 c6 6.Bd2 Bxc3 7.Bxc3 
Nf6 8.c5 Nd5 9.Ne2 f5 10.Ng3 O-O 11.Nh5 g6 12.Ng3 
Nxc3 13.bxc3 Qa5 14.Qb3 Kg7 15.Be2 b5 16.O-O Na6 
17.c4 bxc4 18.Bxc4 Nc7 19.Ne2 Nd5 20.Bxd5 exd5 
21.f3 Ba6 22.Nf4 Bxf1 23.Ne6+ Kg8 24.Nxf8 Bxg2 
25.Kxg2 exf3+ 26.Kxf3 Kxf8 27.Qb7 Qc3+ 28.Kg2 Re8 
29.Rf1 Qd2+ 30.Rf2 Qg5+ 31.Kf1 Qc1+ 32.Kg2 Re1 
33.Qb8+ Kg7 34.Qc7+ Kh6 35.Qxc6 Rg1+ 36.Kf3 Qc3+ 
37.Ke2 Re1+ 0-1

[Event "HCL-C4225"]
[Site "www.playchess.de"]
[Date "2006.03.28"]
[Round "1"]
[White "patzer55"]
[Black "rouldf"]
[WhiteElo "1484"]
[BlackElo "1201"]
[PlyCount "68"]
[Result "0-1"]

1.e4 {hi, nice to meet you}  c5 {hello, its my 
pleasure}  2.Nf3 e6 3.d4 cxd4 4.Nxd4 Nf6 5.Nc3 Bc5 
6.Nb3 Bb4 7.Qd4 Nc6 8.Qe3 Bxc3+ 9.Qxc3 O-O 10.Bd3 
d5 11.Bg5 d4 12.Qd2 e5 13.O-O Qd6 14.Qe2 h6 15.Bh4 
Nb4 16.Bg3 Nxd3 17.cxd3 Be6 18.Na5 b6 19.Nc4 Bxc4 
20.dxc4 Qc5 21.b3 Rad8 22.Rfd1 Rfe8 23.Kf1 Re6 
24.f3 Nh5 25.Rd3 Qe7 26.Qf2 Rg6 27.Bh4 Nf6 28.Bg3 
Qe6 29.f4 Nxe4 30.Qf3 Nxg3+ 31.hxg3 e4 32.Re1 exf3 
33.Rxe6 fxg2+ 34.Kxg2 Rxe6 0-1

[Event "HCL-M883"]
[Site "www.playchess.de"]
[Date "2006.03.28"]
[Round "13"]
[White "luciano59"]
[Black "cinephos"]
[WhiteElo "2269"]
[BlackElo "2072"]
[PlyCount "41"]
[Result "1/2-1/2"]

1.e4 e5 {Hello again}  2.f4 exf4 3.Nf3 Be7 4.d4 
Bh4+ 5.Ke2 d5 6.e5 Bg4 7.Bxf4 f6 8.Qd2 Nc6 9.Kd1 
Nge7 10.exf6 Bxf6 11.c3 O-O 12.Bd3 Bf5 13.Bxf5 
Nxf5 14.Re1 Na5 15.Na3 Qd7 16.Rc1 c5 17.dxc5 Qa4+ 
18.Ke2 d4 19.Kf1 dxc3 20.Qd5+ Kh8 21.Re4 
{(offering draw)}  1/2-1/2

[Event "HCL-M883"]
[Site "www.playchess.de"]
[Date "2006.03.28"]
[Round "14"]
[White "cinephos"]
[Black "luciano59"]
[WhiteElo "2072"]
[BlackElo "2269"]
[PlyCount "44"]
[Result "1/2-1/2"]

1.e4 e5 2.Nf3 Nc6 3.Bb5 g6 4.d4 exd4 5.Bg5 Be7 
6.Bxe7 Ngxe7 7.Nxd4 d5 8.Nc3 O-O 9.Bxc6 bxc6 
10.O-O c5 11.Nb3 c4 12.Nc5 d4 13.N3a4 Qd6 14.b3 c3 
15.Qd3 Nc6 16.f4 Nb4 17.Qe2 Ba6 18.Nxa6 Qxa6 
19.Qf2 Qb5 20.a3 Nc6 21.Rfe1 Rad8 22.Rad1 f6 
{(offering draw)}  1/2-1/2

[Event "HCL-A2643"]
[Site "www.playchess.de"]
[Date "2006.03.28"]
[Round "8"]
[White "superyetkin"]
[Black "GCP"]
[WhiteElo "1266"]
[BlackElo "1454"]
[PlyCount "68"]
[Result "0-1"]

1.g3 d5 2.Bg2 Nf6 3.d3 g6 4.Nc3 Bg7 5.Bd2 c5 6.e4 
d4 7.Nd5 Nbd7 8.Nxf6+ Bxf6 9.Bh6 Ne5 10.f3 e6 
11.h4 g5 12.hxg5 Bxg5 13.Bg7 Rg8 {!}  14.Bxe5 {we 
will see}  Qa5+ 15.Kf2 Be3+ 16.Kf1 c4 17.Bf4 cxd3 
18.Qxd3 Bd7 19.Ne2 Bb5 20.Qd1 Rd8 21.Bxe3 dxe3 
22.Qe1 Bxe2+ 23.Qxe2 Qd2 24.g4 Ke7 {well done !}  
25.Rxh7 Rdc8 26.c3 Rgd8 27.Rh2 Qd6 28.Bh1 Qb6 
29.Rd1 Rc6 30.Rxd8 Kxd8 31.Qd3+ Rd6 32.Qc2 Qa6+ 
33.Kg1 Qxa2 34.b3 Qa1+ 0-1

[Event "HCL-T267"]
[Site "www.playchess.de"]
[Date "2006.03.28"]
[Round "3"]
[White "wbaldan"]
[Black "Wilmy"]
[WhiteElo "1687"]
[BlackElo "1248"]
[PlyCount "88"]
[Result "0-1"]

1.e4 e5 2.Nf3 Nc6 3.Bc4 Nf6 4.Ng5 Bc5 5.Nxf7 Qe7 
6.Nxh8 d6 7.d3 Bg4 8.Bf7+ Kd7 9.Qd2 Rxh8 10.Bc4 a6 
11.a3 Nd4 12.Nc3 b5 13.Nd5 Qf8 14.c3 Ne6 15.Nxf6+ 
gxf6 16.Bxe6+ Kxe6 17.d4 Bb6 18.dxe5 fxe5 19.Qh6+ 
Kd7 20.f3 Be6 21.Be3 Qf7 22.Bxb6 cxb6 23.Qe3 Kc6 
24.O-O Rg8 25.a4 Bc4 26.Rf2 Bb3 27.axb5+ Kxb5 
28.Qd3+ Kc5 29.Rxa6 Qb7 30.Qe3+ Kb5 31.Ra3 Be6 
32.b3 Kc6 33.b4 Ra8 34.Rxa8 Qxa8 35.Qd3 b5 36.f4 
Bc4 37.Qb1 Qa3 38.Qe1 Qa7 39.fxe5 dxe5 40.Kh1 Qg7 
41.Qe3 Qd7 42.Rd2 Qe7 {(offering draw)}  43.h3 Qf8 
44.Qh6+ Qxh6 0-1

[Event "HCL-C4143"]
[Site "www.playchess.de"]
[Date "2006.03.28"]
[Round "1"]
[White "ivofle"]
[Black "Grunert"]
[WhiteElo "819"]
[BlackElo "1012"]
[PlyCount "78"]
[Result "0-1"]

1.e4 e5 2.a3 d6 3.Bc4 Nf6 4.Nc3 Nc6 5.Nf3 a6 6.d3 
g6 7.Bg5 Bg7 8.b4 b5 9.Bb3 O-O 10.O-O Bb7 11.Nh4 
Nd4 12.Ne2 Nxb3 13.Rb1 Nd4 14.Ng3 Qd7 15.c3 Nc6 
16.Nxg6 fxg6 17.d4 exd4 18.cxd4 Qe8 19.e5 dxe5 
20.d5 Ne7 21.Rb3 Bxd5 22.Re3 e4 23.Kh1 c6 24.Kg1 
Nf5 25.Nxf5 gxf5 26.f4 Ng4 27.Rh3 Qe6 28.Qe1 Bc4 
29.Qh4 Qg6 30.Ra1 Bf6 31.Bxf6 Rxf6 32.a4 Qh6 
33.Qg3 Qg7 34.axb5 cxb5 35.Qc3 Rd8 36.g3 Rh6 
37.Kg2 Qxc3 38.Rxh6 Qxa1 39.Kh3 
Nxh6 0-1

[Event "HCL-A2658"]
[Site "www.playchess.de"]
[Date "2006.03.28"]
[Round "33"]
[White "victorabiodun03"]
[Black "Wernswig"]
[WhiteElo "1608"]
[BlackElo "1416"]
[PlyCount "43"]
[Result "1-0"]

1.f4 d5 2.Nf3 Nc6 3.d4 Bf5 4.c3 Nf6 5.e3 e6 6.Bd3 
Bxd3 7.Qxd3 Bd6 8.O-O O-O 9.Nbd2 Ne7 10.Ne5 Ne8 
11.g4 f6 12.Nef3 Nc6 13.g5 g6 14.gxf6 Nxf6 15.Ng5 
Qe7 16.Ndf3 Kg7 17.Nh4 Nd8 18.Rf2 Nf7 19.Rg2 c5 
20.Nxh7 Ne4 21.Nxf8 Kxf8 22.Nxg6+ {?} 
 1-0

[Event "HCL-A2554"]
[Site "www.playchess.de"]
[Date "2006.03.28"]
[Round "11"]
[White "Wernswig"]
[Black "Eli"]
[WhiteElo "1416"]
[BlackElo "1604"]
[PlyCount "66"]
[Result "1/2-1/2"]

1.e4 {hi, have a nice game}  g6 {A nice game for 
us both}  2.f4 d6 3.Nc3 c5 4.Nf3 Bg7 5.d3 Nc6 
6.Bd2 Bg4 7.Be2 Bxf3 8.Bxf3 Nd4 9.O-O Qc7 10.Nd5 
Nxf3+ 11.Qxf3 Qd7 12.Rab1 e6 13.Bc3 Bxc3 14.Nxc3 
Ne7 15.Rbe1 O-O 16.Qg4 b5 17.Qg5 b4 18.Ne2 Nc6 
19.Ng3 Nd4 20.Nh5 f5 21.Nf6+ Rxf6 22.Qxf6 Nxc2 
23.Re2 Nd4 24.Re3 Rf8 25.Qg5 Qg7 26.e5 d5 27.Rc1 
Rc8 28.Kf2 a5 29.Rh3 Qa7 30.Kf1 a4 31.Qg3 b3 32.a3 
Nc2 33.Qf2 Qe7 {(offering draw)} 
 1/2-1/2

[Event "HCL-A2597"]
[Site "www.playchess.de"]
[Date "2006.03.28"]
[Round "7"]
[White "shosan"]
[Black "terrrrrrrrrible"]
[WhiteElo "1278"]
[BlackElo "1600"]
[PlyCount "35"]
[Result "1-0"]

1.e4 e5 2.Nf3 Nc6 3.d4 exd4 4.Nxd4 Nxd4 5.Qxd4 Nf6 
6.Nc3 b6 7.e5 Nh5 8.Be2 g6 9.Bxh5 gxh5 10.e6 f6 
11.Qd5 c6 12.Qxh5+ Ke7 13.Qf7+ Kd6 14.Bf4+ Kc5 
15.O-O-O Be7 16.Be3+ Kb4 17.Rd4+ Kc5 
18.b4+ 1-0

[Event "HCL-E1502"]
[Site "www.playchess.de"]
[Date "2006.03.28"]
[Round "1"]
[White "Glomp"]
[Black "Dutchin"]
[WhiteElo "1660"]
[BlackElo "1657"]
[PlyCount "77"]
[Result "1-0"]

1.e4 {Hello and good luck!}  c5 {Thanks, gl to you 
too}  2.Nf3 d6 3.d4 cxd4 4.Nxd4 Nf6 5.Nc3 a6 6.Be3 
e6 7.f4 Be7 8.Nb3 O-O 9.Be2 Nc6 10.O-O {Merry 
Christmas!}  b5 {Thank you, and Frohe Weihnachten 
to you and your family too}  11.a3 Bb7 12.Bf3 Qc7 
13.Qe2 Rad8 14.Rad1 Nd7 15.Qf2 Na5 16.Nxa5 Qxa5 
17.Bd2 Qc7 18.Be3 Nf6 19.Bb6 Qd7 20.Bxd8 Rxd8 
{stupid me}  21.Kh1 Ne8 22.e5 d5 23.Bg4 g6 24.Ne4 
Qc6 25.Ng5 h6 26.Nf3 Ng7 27.Nd4 Qd7 28.c3 Bc5 
29.Qh4 h5 30.Bf3 Rc8 31.g4 Be7 32.Qg3 hxg4 33.Qxg4 
Nh5 34.Rfg1 Ng7 35.h4 Qd8 36.Rg2 Kf8 37.h5 Nxh5 
38.Nxe6+ fxe6 39.Qxg6 1-0

[Event "HCL-C4213"]
[Site "www.playchess.de"]
[Date "2006.03.28"]
[Round "13"]
[White "Milosforman"]
[Black "chimiel"]
[WhiteElo "1017"]
[BlackElo "1149"]
[PlyCount "46"]
[Result "0-1"]

1.d4 d6 2.e3 Nf6 3.Bd3 Nbd7 4.Ne2 e5 5.dxe5 Nxe5 
6.f4 Nc6 7.Bd2 Be7 8.Bb5 Bd7 9.Bc3 O-O 10.Nd2 a6 
11.Ba4 d5 12.Bxc6 Bxc6 13.Bxf6 Bxf6 14.c3 Re8 
15.O-O Rxe3 16.Rf3 d4 17.Nxd4 Bxd4 18.Rxe3 Bxe3+ 
19.Kh1 Qxd2 20.Qxd2 Bxd2 21.Rd1 Bxf4 22.Rd4 Re8 
23.Kg1 Be3+ 0-1

[Event "HCL-M835"]
[Site "www.playchess.de"]
[Date "2006.03.28"]
[Round "10"]
[White "temple"]
[Black "mige"]
[WhiteElo "1766"]
[BlackElo "1789"]
[PlyCount "127"]
[Result "1/2-1/2"]

1.d4 {Hello,good luck.}  Nf6 {hi from Belgrade}  
2.c4 g6 3.Nc3 Bg7 4.e4 O-O 5.f4 d6 6.Nf3 e6 7.Be2 
Qe7 8.O-O Nc6 9.a3 h6 10.b4 a6 11.e5 Nh7 12.Bd3 
Bd7 13.Qe2 Rac8 14.Bb2 dxe5 15.dxe5 Rfd8 16.Rad1 
Nb8 17.Ne4 Bc6 18.Nfd2 b6 19.Nf3 Bxe4 20.Bxe4 Rxd1 
21.Rxd1 Rd8 22.Rxd8+ Qxd8 23.Qd2 Qxd2 24.Nxd2 Bf8 
25.Nb3 Be7 26.Kf2 Nf8 27.Bc3 Nfd7 28.Ke3 h5 29.g3 
Kf8 30.Nd4 c5 31.Nc6 Nxc6 32.Bxc6 Nb8 33.Ba4 cxb4 
34.axb4 Kg7 {(offering draw)}  35.h3 Kf8 36.Kd4 
Bd8 37.g4 hxg4 38.hxg4 Kg7 39.Ke4 g5 40.f5 exf5+ 
41.gxf5 a5 42.bxa5 bxa5 43.e6+ Kf8 44.Bb5 f6 
45.Kd5 a4 46.Bxa4 Na6 47.c5 g4 48.Bd1 g3 49.Bf3 
Ke7 50.Kc6 Ke8 51.Be1 Be7 52.Bxg3 Nxc5 53.Bd6 Nd3 
54.Kc7 Kf8 55.Kd7 Ne5+ 56.Bxe5 fxe5 57.Bh5 e4 
58.Kc6 e3 59.Kd5 Bg5 60.Kd6 Bf6 61.Kd5 Ke7 62.Ke4 
Bg5 63.Kf3 Kf6 64.Ke4 {(offering draw)} 
 1/2-1/2

[Event "HCL-A2637"]
[Site "www.playchess.de"]
[Date "2006.03.28"]
[Round "4"]
[White "IRONMAIDEN"]
[Black "shadow_cup"]
[WhiteElo "1202"]
[BlackElo "1413"]
[PlyCount "52"]
[Result "0-1"]

1.c4 c6 2.d4 b5 3.e3 bxc4 4.Bxc4 d5 5.Bb3 Nf6 
6.Nc3 e6 7.Nf3 Ba6 8.Bd2 Bd6 9.Ne2 O-O 10.O-O Nbd7 
11.Re1 Bd3 12.Nc3 e5 13.dxe5 Nxe5 14.Nxe5 Bxe5 
15.Bc2 Bg6 16.Bxg6 fxg6 17.Rb1 Qc7 18.g3 h5 19.e4 
Ng4 20.exd5 Nxf2 21.Qe2 Nh3+ 22.Kh1 Rae8 23.Qc4 
Kh7 24.dxc6 Bxg3 25.hxg3 Qxg3 26.Rxe8 Nf2+ {Good 
game! An tense and exciting one.} 
 0-1

[Event "HCL-A2557"]
[Site "www.playchess.de"]
[Date "2006.03.28"]
[Round "3"]
[White "earlyrunner"]
[Black "Deep_Trouble"]
[WhiteElo "1600"]
[BlackElo "1652"]
[PlyCount "54"]
[Result "0-1"]

1.d4 Nf6 {Hello.  Have a good game.}  2.c4 {Thanks 
- you too.}  Nc6 3.Nf3 e6 4.Nc3 Bb4 5.e3 d6 6.Bd3 
O-O 7.O-O Bxc3 8.bxc3 Bd7 9.a4 Re8 10.Nd2 e5 
11.Ba3 exd4 12.cxd4 Bg4 13.Qc2 Bh5 14.Ne4 Bg6 
15.Nxf6+ Qxf6 16.Rab1 Bxd3 17.Qxd3 b6 18.Rfc1 Rad8 
19.Qc3 Ne7 20.c5 dxc5 21.dxc5 Qxc3 22.Rxc3 Nd5 
23.Rcc1 Re4 24.cxb6 cxb6 25.Rcd1 Rxa4 26.Rb3 f6 
27.Rbd3 Rc8 0-1

[Event "HCL-E1525"]
[Site "www.playchess.de"]
[Date "2006.03.28"]
[Round "10"]
[White "Toni76"]
[Black "Matu"]
[WhiteElo "1840"]
[BlackElo "1538"]
[PlyCount "82"]
[Result "0-1"]

1.d4 {Hallo, viel Spass.}  Nf6 {danke gleichfalls} 
 2.Nf3 e6 3.c4 d5 4.Bg5 Be7 5.e3 {Fröhliche 
Weihnachten!}  a6 {danke gleichfalls}  6.cxd5 Nxd5 
7.Bxe7 Qxe7 8.Nbd2 Nd7 9.Rc1 c5 10.Bd3 b5 11.a3 c4 
12.Bb1 Bb7 13.O-O O-O 14.Ne4 N5f6 15.Nxf6+ Nxf6 
16.Ne5 Nd7 17.Nxd7 Qxd7 18.b3 cxb3 19.Qxb3 Rac8 
20.Qd3 g6 21.f3 Rc7 22.Rxc7 Qxc7 23.Rf2 Rc8 24.Rc2 
Qd7 25.Kf2 Rxc2+ 26.Qxc2 Qd6 27.Qc5 Qxh2 28.Qe7 
Qb8 29.e4 {(offering draw)}  Qc8 30.Qc5 Qxc5 
31.dxc5 Kf8 32.Ke3 Ke7 33.e5 Bd5 34.Kd4 Kd7 35.Bd3 
Kc6 36.Be2 a5 37.Bd1 h5 38.g3 g5 39.Be2 h4 40.gxh4 
gxh4 41.Bf1 Bxf3 0-1

[Event "HCL-M886"]
[Site "www.playchess.de"]
[Date "2006.03.28"]
[Round "5"]
[White "garethh"]
[Black "JanP"]
[WhiteElo "1886"]
[BlackElo "1969"]
[PlyCount "64"]
[Result "0-1"]

1.e4 {Hello and good luck}  d6 {same to you!}  
2.d4 Nf6 3.Nc3 g6 4.f4 Bg7 5.h3 O-O 6.Nf3 Nh5 
7.Kf2 c5 8.dxc5 Bxc3 9.bxc3 dxc5 10.Be3 Qc7 11.e5 
Rd8 12.Qe2 Be6 13.g4 Ng7 14.Bg2 f6 15.exf6 exf6 
16.Nd2 f5 17.Rab1 Nc6 18.Qb5 Rab8 19.Qxc5 Bxa2 
20.Bxc6 bxc6 21.Rxb8 Qxb8 22.Qb4 Qc8 23.c4 fxg4 
24.hxg4 Qxg4 25.Qa5 Re8 26.Qxa7 Nh5 27.Rg1 Qh4+ 
28.Ke2 Nxf4+ 29.Kf3 Rf8 30.Bc5 Qh3+ 31.Kf2 Qh2+ 
32.Kf3 Qe2+ 0-1

[Event "HCL-A2637"]
[Site "www.playchess.de"]
[Date "2006.03.28"]
[Round "3"]
[White "shadow_cup"]
[Black "IRONMAIDEN"]
[WhiteElo "1413"]
[BlackElo "1202"]
[PlyCount "58"]
[Result "0-1"]

1.e3 e5 2.Nf3 Nc6 3.d4 e4 4.Nfd2 Nf6 5.c4 Bb4 6.a3 
Bxd2+ 7.Bxd2 O-O 8.Nc3 d6 9.Be2 Bf5 10.O-O Ne7 
11.f3 exf3 12.Rxf3 d5 13.b3 c6 14.Rg3 a6 15.Bf3 
Rb8 16.a4 b6 17.Qe2 Qd7 18.Rf1 Rbd8 19.e4 dxe4 
20.Nxe4 Nxe4 21.Bxe4 Qxd4+ 22.Be3 Qxe4 23.Rf4 Qb1+ 
24.Kf2 c5 25.Rh4 Ng6 26.Rxh7 Kxh7 27.Qh5+ Kg8 
28.Rf3 Qc2+ 29.Kg3 Be4 0-1

[Event "HCL-A2643"]
[Site "www.playchess.de"]
[Date "2006.03.28"]
[Round "2"]
[White "archship"]
[Black "Matu"]
[WhiteElo "1279"]
[BlackElo "1565"]
[PlyCount "44"]
[Result "0-1"]

1.e4 d5 2.exd5 Qxd5 3.Nc3 Qa5 4.Bc4 Nf6 5.Nf3 Bf5 
6.d3 c6 7.Ng5 e6 8.h3 Nbd7 9.Be3 Nd5 10.Bd2 Qc7 
11.g4 Bg6 12.Qe2 Be7 13.O-O-O Nf4 14.Qe3 Bxg5 
15.Qf3 Ne5 16.Qg3 b5 17.Bxf4 Bxf4+ 18.Qxf4 Nxd3+ 
19.Bxd3 Qxf4+ 20.Kb1 Bxd3 21.Rxd3 Ke7 22.Rhd1 
Rhd8 0-1

[Event "HCL-E1525"]
[Site "www.playchess.de"]
[Date "2006.03.28"]
[Round "25"]
[White "PieceSeeker3"]
[Black "Toni76"]
[WhiteElo "1596"]
[BlackElo "1840"]
[PlyCount "47"]
[Result "1-0"]

1.e4 c6 2.d4 d5 3.e5 Bf5 4.Nf3 h6 5.Bd3 Bxd3 
6.Qxd3 e6 7.O-O Nd7 8.a3 Ne7 9.c3 Ng6 10.b4 b6 
11.Be3 Be7 12.c4 O-O 13.c5 b5 14.Nbd2 a5 15.Rfb1 
a4 16.Rbe1 Re8 17.Nf1 Nh4 18.N3d2 Nf5 19.Ng3 Nxe3 
20.Qxe3 Nf8 21.f4 f5 22.exf6 Bxf6 23.Nf3 Ng6 
24.Nh5 1-0

[Event "ACL-A660"]
[Site "www.playchess.de"]
[Date "2006.03.28"]
[Round "20"]
[White "Absoluter_Beginner"]
[Black "kan_selv"]
[WhiteElo "1500"]
[BlackElo "1500"]
[PlyCount "26"]
[Result "0-1"]

1.e4 c5 2.Nf3 e6 3.d4 cxd4 4.Nxd4 Nf6 5.Nc3 Nc6 
6.Ndb5 Bb4 7.a3 Bxc3+ 8.Nxc3 d5 9.exd5 exd5 10.Bg5 
O-O 11.Nxd5 Re8+ 12.Ne3 Qa5+ 13.b4 
Qxg5 0-1

[Event "HCL-B3914"]
[Site "www.playchess.de"]
[Date "2006.03.28"]
[Round "9"]
[White "epenz"]
[Black "ulibear"]
[WhiteElo "830"]
[BlackElo "1306"]
[PlyCount "27"]
[Result "1-0"]

1.e4 c6 {nettes Wiedersehen :-)}  2.Nf3 {hallo}  
d5 {por dios! thought you'd speak my tongue, but 
as you're from Argentine, this must be an error on 
my side ... sorry, my Spanish really doesn't 
exist, since I've learnt only little when playing 
golf in Spain as a lazy tourist :-)}  3.exd5 {ja, 
ich spreche etwas deutsch...ich lebte ein paar 
jahre in boeblingen, in der naehe von 
stuttgart...aber jetzt wieder in argentinien}  
cxd5 {gut, dann bleib ich dabei, damiit Du in der 
Übung bleibst, ok?}  4.d4 {kein Problem...gut 
so...}  Bg4 5.Be2 Nc6 6.Be3 e6 7.h3 Bxf3 8.Bxf3 
Be7 9.O-O Bf6 10.Nd2 Nge7 11.Re1 Nf5 12.b3 Nxe3 
13.fxe3 O-O 14.c3 1-0

[Event "HCL-E1598"]
[Site "www.playchess.de"]
[Date "2006.03.28"]
[Round "18"]
[White "carlosmadeira"]
[Black "gadnoto"]
[WhiteElo "1617"]
[BlackElo "1864"]
[PlyCount "70"]
[Result "0-1"]

1.e4 e5 2.Nf3 Nf6 3.d3 Nc6 4.a3 h6 5.Be2 d5 6.exd5 
Nxd5 7.O-O Bd6 8.Bd2 O-O 9.Nc3 Nb6 10.h3 Be6 
11.Be3 Nd5 12.Nxd5 Bxd5 13.Qd2 Qf6 14.c4 Be6 15.d4 
exd4 16.Nxd4 Rad8 17.Qc3 Be5 18.Nxc6 Bxc3 19.Nxd8 
Bxb2 20.Nxe6 fxe6 21.Rab1 b6 22.Bc1 Bxc1 23.Rbxc1 
Qb2 24.Bg4 Rxf2 25.Bxe6+ Kh7 26.Bd5 Rxf1+ 27.Rxf1 
Qxa3 28.Rf7 Qa1+ 29.Kh2 b5 30.Be4+ Kg8 31.Bd5 Qe5+ 
32.Rf4+ Kh8 33.g3 Qe2+ 34.Kg1 b4 35.Be4 
g5 0-1

[Event "HCL-E1615"]
[Site "www.playchess.de"]
[Date "2006.03.28"]
[Round "7"]
[White "carlosmadeira"]
[Black "Horst"]
[WhiteElo "1647"]
[BlackElo "1782"]
[PlyCount "32"]
[Result "0-1"]

1.e4 d5 2.exd5 Qxd5 3.Nc3 Qa5 4.d4 c6 5.Bc4 Nf6 
6.Nf3 Bf5 7.Ne5 e6 8.O-O Be7 9.Bd2 Qb6 10.Bc1 O-O 
11.Ne2 Nbd7 12.Nxd7 Nxd7 13.Ng3 Bg6 14.c3 Rad8 
15.Qe2 Nf6 16.Rb1 Bxb1 0-1

[Event "HCL-B3885"]
[Site "www.playchess.de"]
[Date "2006.03.28"]
[Round "3"]
[White "schachsky"]
[Black "newplayer"]
[WhiteElo "1193"]
[BlackElo "1043"]
[PlyCount "77"]
[Result "1-0"]

1.e4 {Hello, have  a nice game!}  d5 {hi iwish  
you the same}  2.exd5 Qxd5 3.Nc3 Qe5+ 4.Be2 e6 
5.Nf3 Qd6 6.O-O Nf6 7.d4 Nd5 8.Nxd5 Qxd5 9.c4 Qd8 
10.b3 g6 11.Bb2 Bg7 12.Rb1 O-O 13.Qd2 b6 14.Rfd1 
a5 15.a4 Bb7 16.Ne5 Nc6 17.Bf3 Rb8 18.Nxc6 Bxc6 
19.Bxc6 Qd6 20.Bf3 Rfd8 21.Bc3 h5 22.Qg5 Qa3 
23.Ba1 Rd6 24.d5 Bxa1 25.Rbxa1 Qb4 26.Rab1 Kg7 
27.Bxh5 exd5 28.cxd5 Rbd8 29.Bf3 c6 30.Qe5+ f6 
31.Qe7+ Kh6 32.Qe3+ g5 33.Rd4 Qa3 34.Rh4+ Kg7 
35.Qe7+ Kg8 36.Qh7+ Kf8 37.Qh8+ Ke7 38.Qg7+ Ke8 
39.Bh5+ {or Rh8# Thx, for the game, see you 
another time!}  1-0

[Event "HCL-C4170"]
[Site "www.playchess.de"]
[Date "2006.03.28"]
[Round "19"]
[White "Thrustnicely"]
[Black "valpa"]
[WhiteElo "1024"]
[BlackElo "1122"]
[PlyCount "67"]
[Result "1-0"]

1.e4 d5 2.e5 e6 3.h4 c5 4.Bb5+ Bd7 5.a4 Nc6 6.f4 
Be7 7.Nf3 f6 8.d3 Qc7 9.Bxc6 Bxc6 10.d4 cxd4 
11.Nxd4 fxe5 12.Nxe6 Qd6 13.Nxg7+ Kf8 14.Nf5 Qf6 
15.Qh5 Qg6 16.Qxg6 hxg6 17.Nxe7 Nxe7 18.fxe5 Kg7 
19.Bg5 Kf7 20.O-O+ Ke8 21.Nd2 Kd7 22.Rae1 Rae8 
23.Rf7 Ke6 24.Rf6+ Kd7 25.c4 dxc4 26.Nxc4 Bxa4 
27.Nd6 Reb8 28.Nf7 Rhf8 29.Rd6+ Ke8 30.e6 Rc8 
31.Bxe7 Kxe7 32.b3 Bxb3 33.Rd7+ Ke8 
34.Nd6+ 1-0

[Event "HCL-E1519"]
[Site "www.playchess.de"]
[Date "2006.03.28"]
[Round "2"]
[White "Andy1"]
[Black "Glomp"]
[WhiteElo "1399"]
[BlackElo "1605"]
[PlyCount "67"]
[Result "1-0"]

1.d4 Nf6 2.c4 g6 3.Nc3 Bg7 4.e4 d6 5.h3 O-O 6.Nf3 
Nbd7 7.Bg5 e5 8.dxe5 dxe5 9.Qd2 c6 10.Rd1 Qc7 
11.Be2 Nc5 12.Qc2 Be6 13.O-O Rad8 14.b4 Rxd1 
15.Rxd1 Ncd7 16.c5 b6 17.cxb6 axb6 18.Nb5 Qb7 
19.Nd6 Qa8 20.a4 h6 21.Be3 Rb8 22.Nd2 Bf8 23.Nb1 
Kg7 24.Nc3 Rd8 25.b5 c5 26.Bc4 Bxc4 27.Nxc4 Be7 
28.f4 exf4 29.Bxf4 Qb7 30.Nd5 Nxd5 31.exd5 Nf6 
32.d6 Bf8 33.Be5 Qd7 34.Rf1 1-0

[Event "ACL-M084"]
[Site "www.playchess.de"]
[Date "2006.03.28"]
[Round "4"]
[White "bluecat"]
[Black "KFergason"]
[WhiteElo "2111"]
[BlackElo "1960"]
[PlyCount "81"]
[Result "1-0"]

1.d4 {Hello and Good Luck!}  d5 2.c4 dxc4 3.Nf3 
Nf6 4.e3 e6 5.Bxc4 a6 6.O-O Nbd7 7.Qe2 b5 8.Bd3 
Bb7 9.a4 c5 10.axb5 axb5 11.Rxa8 Qxa8 12.Bxb5 Bxf3 
13.gxf3 cxd4 14.Rd1 Qb7 15.Rxd4 Bc5 16.Rd1 O-O 
17.e4 Ne5 18.Nc3 Ng6 19.e5 Nh5 20.Qc4 Rc8 21.Qe4 
Qxe4 22.fxe4 Nxe5 23.Ba6 Ra8 24.Be2 Nf6 25.Kg2 
Neg4 26.f4 Nf2 27.Rf1 N2xe4 28.Bf3 Nxc3 29.Bxa8 
Ncd5 30.Kf3 Kf8 31.b3 h6 32.Bb2 Bd6 33.Be5 Bxe5 
34.fxe5 Nd7 35.Bxd5 exd5 36.Ke3 Ke7 37.Kd4 Ke6 
38.Ra1 Nb8 39.Rc1 Nd7 40.Rc6+ Kf5 
41.b4 1-0

[Event "HCL-A2634"]
[Site "www.playchess.de"]
[Date "2006.03.28"]
[Round "1"]
[White "IRONMAIDEN"]
[Black "shadow_cup"]
[WhiteElo "1202"]
[BlackElo "1280"]
[PlyCount "93"]
[Result "1-0"]

1.c4 {hello and good game!}  c6 {Hello and good 
game to yourself also :)
}  2.d4 b5 3.e3 bxc4 4.Bxc4 d5 5.Bd3 Ba6 6.Bxa6 
Nxa6 7.Ne2 e6 8.O-O Bd6 9.Bd2 Nf6 10.Nbc3 Qc7 
11.h3 Rb8 12.b3 O-O 13.a3 Nd7 14.b4 f6 15.Nf4 Bxf4 
16.exf4 f5 17.Ne2 Nf6 18.Ng3 Qb6 19.Be3 Nc7 20.Qd2 
Nb5 21.Rfc1 Nd6 22.Ra2 Nc4 23.Qc3 Rf7 24.Rb1 Ne8 
25.Bd2 a5 26.Raa1 Rfb7 27.Nf1 Ned6 28.bxa5 Qxb1 
29.Rxb1 R7xb1 30.Qd3 R8b3 31.Qc2 Nxd2 32.Qxd2 Nb5 
33.Qc2 Nxd4 34.Qc5 Ne2+ 35.Kh2 Kf7 36.Ng3 Nxf4 
37.Qxc6 Ng6 38.a6 Rxa3 39.Nh5 Rba1 40.Qd7+ Ne7 
41.a7 R3xa7 42.Qd6 g6 43.Nf4 {so this is the last 
one we got - looks good for you}  R7a6 {Yes. Black 
has an advantage here but its converting it that 
may prove a little tricky. :)}  44.Qe5 {well, but 
I would agree easily to a draw...}  R1a4 {I can 
understand that. White's winning prospects are dim 
at this time. Lets play it out and I wish you luck 
in holding :)}  45.Nd3 {yep!}  R4a5 46.Qh8 h5 
47.Ne5+ {I think my chances are not so dim 
anymore}  1-0